000 00724nam a22001817a 4500
005 20251108164049.0
008 250721s1985 xx 000 0 ara d
082 1 4 _a347.7/علي
100 1 _aحسن، علي أحمد
245 1 0 _aالتقادم في المواد المدنية و التجارية فقهاً و قضاءاً طبقاً لأحكام النقض حتى عام 1985 /
264 1 _aالإسكندريه :
_bمنشأة المعارف،
_c1985.
300 _a422ص
490 0 _aالكتب القانونيه
500 _aمتضمناً الحيازه و أحكام التقادم بنوعية المكسب و المسقط
650 1 7 _aالقانون التجاري
942 _2ddc
_cBK
999 _c2707
_d2707